[Event "Olongapo City Puregold op-B"]
[Site "Olongapo City"]
[Date "2015.11.18"]
[Round "4"]
[White "Mirano, Mira"]
[Black "Abuton, Kristian Glen"]
[Result "0-1"]
[WhiteElo "1793"]
[BlackElo "1840"]
[PlyCount "98"]
[EventDate "2015.11.17"]
[EventType "swiss"]
[EventRounds "9"]
[EventCountry "PHI"]
[SourceTitle "EXT 2017"]
[Source "ChessBase"]
[SourceDate "2016.10.25"]
[SourceVersion "1"]
[SourceVersionDate "2016.10.25"]
[SourceQuality "1"]

1. e4 e5 2. Nf3 Nc6 3. Bb5 a6 4. Ba4 Nf6 5. d3 b5 6. Bb3 Be7 7. 0-0 0-0 8. Bd5 Nxd5 9. exd5 Nd4 10. Nxe5 Bb7 11. c3 d6 12. Ng4 Nf5 13. c4 c6 14. Nc3 b4 15. dxc6 Bxc6 16. Nd5 Bxd5 17. cxd5 Qa5 18. Qf3 Nd4 19. Qe4 Nc2 20. Qxe7 Nxa1 21. Bh6 Qd8 22. Qe3 Qh4 23. Qf4 f5 24. Qxd6 Qxg4 25. Qe6+ Kh8 26. Be3 Nc2 27. h3 Qg6 28. Qxg6 hxg6 29. Bc5 Rfc8 30. d4 a5 31. d6 a4 32. Rd1 Kg8 33. Rd2 b3 34. a3 Kf7 35. Kh2 Re8 36. d5 Ra6 37. Rd3 Rd8 38. Rc3 Raxd6 39. Bxd6 Rxd6 40. Rd3 Nxa3 41. bxa3 b2 42. Rd1 Rxd5 43. Rb1 Rb5 44. Kg3 Ke6 45. Kf4 Kd5 46. g4 Kc4 47. gxf5 gxf5 48. Kg5 Kc3 49. Kg6 Kc2 0-1